000 01422cam a22001934a 4500
005 20250605164406.0
008 250528s ||||||||||||||||||||||||d
035 _a24839
020 _a9789604615780
040 _aGR-AtMCL
_bgre
_dGR-AtMCL
_eAACR2
245 1 _aΕδαφομηχανική :
_bΑρχές και εφαρμογές
260 _bΚλειδάριθμος,
_c2010
300 _a584
520 _aΣτο βιβλίο καλύπτονται τα εξής: Σχηματισμός και φύση του εδάφους - Περιγραφή και κατάταξη των εδαφών - Διαπερατότητα και διήθηση - Ενεργός τάση και πίεση πόρων - Πίεση επαφής και κατανομή των τάσεων - Συμπιεστότητα και στερεοποίηση - Διατμητική αντοχή - Γεωτεχνικοί Ευρωκώδικες - Αβαθείς θεμελιώσεις: ευστάθεια - Αβαθείς θεμελιώσεις: καθιζήσεις - Θεμελιώσεις με πασσάλους - Ωθήσεις γαιών και κατασκευές αντιστήριξης - Ευστάθεια πρανών - Χωματουργικές εργασίες και συμπύκνωση εδάφους - Εδαφοτεχνική έρευνα.
700 1 _aBarnes Graham
_96329
942 _cBK
999 _c9678
_d9678